000 00391 a2200169 4500
001 187661
020 _a978-85-7164-849-4
040 _cMagnum
100 _aSaramago, José
240 1 0 _aO conto da ilha desconhecida
_lpor
245 1 0 _aO conto da ilha desconhecida
300 _a62
362 0 _a1998
440 1 _aCompanhia das Letras
697 _aLITERATURA JUVENIL
942 _cBK
999 _c187661
_d187661